[Event "2022 Fred Maris Cup (Division A)"]
[Site "Woodvale, Perth WA AUS"]
[Date "2022.07.06"]
[Round "4"]
[White "Gibson, Jacob"]
[Black "Barry, David"]
[Result "1-0"]
[WhiteElo "1864"]
[BlackElo "1834"]
[PlyCount "69"]
[EventDate "2022.06.15"]
[EventType "swiss"]
[EventRounds "6"]
[EventCountry "AUS"]

1. e4 c5 2. Nf3 d6 3. d4 cxd4 4. Nxd4 Nf6 5. Nc3 a6 6. Be3 e5 7. Nb3 Be6 8. f3
h5 9. Be2 Qc7 10. Qd2 Nc6 11. O-O-O b5 12. Bg5 Nd7 13. Nd5 Bxd5 14. exd5 Ne7
15. f4 Rc8 16. Kb1 Nxd5 17. Qxd5 Qxc2+ 18. Ka1 Qxe2 19. Rc1 Rxc1+ 20. Rxc1 f6
21. Qe6+ Kd8 22. Na5 Qe4 23. Nc6+ Kc7 24. Nxe5+ Nc5 25. Qd7+ Kb6 26. Qd8+ Kb7
27. Nd7 fxg5 28. Qb8+ Kc6 29. Qc8+ Kd5 30. Rd1+ Kc4 31. Nb6+ Kb4 32. Nd5+ Qxd5
33. Rxd5 gxf4 34. Rd4+ Ka5 35. Qc7# 1-0

[Event "2022 Fred Maris Cup (Division A)"]
[Site "Woodvale, Perth WA AUS"]
[Date "2022.07.06"]
[Round "4"]
[White "Roebuck, Derek"]
[Black "Janceski, Alex"]
[Result "1-0"]
[WhiteElo "1822"]
[BlackElo "1930"]
[PlyCount "121"]
[EventDate "2022.06.15"]
[EventType "swiss"]
[EventRounds "6"]
[EventCountry "AUS"]

1. e4 c5 2. Nf3 e6 3. d4 cxd4 4. Nxd4 a6 5. Bd3 b5 6. O-O Bb7 7. a4 b4 8. Nd2
d6 9. Nc4 Nf6 10. Re1 Nbd7 11. Bg5 Be7 12. Bxf6 Nxf6 13. e5 dxe5 14. Nxe5 O-O
15. Ndc6 Qc7 16. Nxe7+ Qxe7 17. Qe2 g6 18. Bc4 Kg7 19. Ng4 Rac8 20. Nxf6 Qxf6
21. b3 a5 22. Rad1 Rcd8 23. Rd3 h5 24. Red1 Rxd3 25. Rxd3 Be4 26. Rd2 Bc6 27.
f3 Rc8 28. Qd3 Rc7 29. Kf2 Rd7 30. Qe3 Rxd2+ 31. Qxd2 Qe5 32. g3 h4 33. Qe3
hxg3+ 34. hxg3 Qf5 35. Bd3 Qh3 36. Qe5+ Kh7 37. Ke3 Qh1 38. Qf4 Qc1+ 39. Kd4
Qxf4+ 40. gxf4 Bxf3 41. Kc5 Kg7 42. Kb6 e5 43. fxe5 g5 44. Kxa5 g4 45. Kxb4 g3
46. Bf1 Kf8 47. Kc5 Ke7 48. b4 Kd7 49. a5 Kc7 50. b5 g2 51. Bxg2 Bxg2 52. a6
Bf3 53. c4 Be4 54. b6+ Kb8 55. Kd6 Bd3 56. a7+ Kb7 57. c5 Be4 58. c6+ Ka8 59.
Kc7 f5 60. b7+ Kxa7 61. b8=Q+ 1-0

[Event "2022 Fred Maris Cup (Division A)"]
[Site "Woodvale, Perth WA AUS"]
[Date "2022.07.06"]
[Round "4"]
[White "Garang, Kuol Awan"]
[Black "Gough, Dylan"]
[Result "0-1"]
[WhiteElo "1645"]
[BlackElo "1710"]
[PlyCount "64"]
[EventDate "2022.06.15"]
[EventType "swiss"]
[EventRounds "6"]
[EventCountry "AUS"]

1. e4 c6 2. f4 d5 3. e5 Bf5 4. Nf3 h6 5. d3 e6 6. Be3 Nd7 7. Be2 Bb4+ 8. c3 Ba5
9. Na3 Ne7 10. O-O Bb6 11. d4 Be4 12. c4 Nf5 13. Bf2 c5 14. g4 Bxf3 15. Bxf3
Nxd4 16. Bxd4 cxd4 17. cxd5 Bc5 18. dxe6 fxe6 19. Qb3 Qe7 20. Bxb7 Rb8 21. Nb5
O-O 22. Ba6 Rb6 23. Qa4 Nb8 24. Nxd4 Nxa6 25. Qc4 Rd8 26. Rad1 Qh4 27. Qxe6+
Rxe6 28. Rd3 Qxg4+ 29. Rg3 Bxd4+ 30. Kh1 Qe2 31. Rff3 Rc8 32. Rc3 Qf1+ 0-1

[Event "2022 Fred Maris Cup (Division A)"]
[Site "Woodvale, Perth WA AUS"]
[Date "2022.07.06"]
[Round "4"]
[White "Bhatia, Abhay"]
[Black "Doshi, Chirag"]
[Result "0-1"]
[WhiteElo "1668"]
[BlackElo "1825"]
[PlyCount "81"]
[EventDate "2022.06.15"]
[EventType "swiss"]
[EventRounds "6"]
[EventCountry "AUS"]

1. e4 e5 2. Nf3 Nc6 3. Bb5 d6 4. d4 exd4 5. Nxd4 Bd7 6. Bxc6 bxc6 7. O-O Nf6 8.
Bg5 Be7 9. Re1 h6 10. Bh4 O-O 11. Nc3 Ng4 12. Bxe7 Qxe7 13. Nf5 Bxf5 14. exf5
Qh4 15. h3 Qxf2+ 16. Kh1 Ne3 17. Qe2 Qxe2 18. Rxe2 Nxf5 19. Rf2 g6 20. Ne4 Kg7
21. g4 d5 22. Nc5 Ng3+ 23. Kg2 Ne4 24. Nxe4 dxe4 25. Re1 f5 26. gxf5 gxf5 27.
h4 Rae8 28. Re3 Kf6 29. Rc3 Re6 30. Re3 Rg8+ 31. Kh3 Ke5 32. Rc3 Kf6 33. Rc5
Re5 34. Rxc6+ Ke7 35. Rxh6 e3 36. Re2 f4 37. Rh7+ Kd6 38. Rf7 Re4 39. h5 Ke6
40. Rxc7 f3 41. h6 0-1

[Event "2022 Fred Maris Cup (Division A)"]
[Site "Woodvale, Perth WA AUS"]
[Date "2022.07.06"]
[Round "4"]
[White "Phillip, Stephen"]
[Black "Stortz, Robert"]
[Result "1-0"]
[WhiteElo "1840"]
[BlackElo "1871"]
[PlyCount "51"]
[EventDate "2022.06.15"]
[EventType "swiss"]
[EventRounds "6"]
[EventCountry "AUS"]

1. e4 c6 2. d4 d5 3. exd5 cxd5 4. c4 Nf6 5. Nc3 e6 6. Nf3 Be7 7. Bf4 O-O 8. c5
a6 9. Bd3 Nc6 10. O-O b6 11. Na4 bxc5 12. dxc5 Nd7 13. Re1 Nxc5 14. Nxc5 Bxc5
15. Bxh7+ Kxh7 16. Ng5+ Kg6 17. Qc2+ f5 18. Qxc5 Qe8 19. Re3 e5 20. Rae1 Qd7
21. Qxf8 exf4 22. Re6+ Kxg5 23. h4+ Kxh4 24. Qxf5 Qc7 25. Qh7+ Kg5 26. Rg6+ 1-0

[Event "2022 Fred Maris Cup (Division B)"]
[Site "Woodvale, Perth WA AUS"]
[Date "2022.07.13"]
[Round "4"]
[White "Knight, Charles"]
[Black "Boswarva, Ernest"]
[Result "1-0"]
[WhiteElo "1445"]
[BlackElo "1506"]
[PlyCount "94"]
[EventDate "2022.06.15"]
[EventType "tourn"]
[EventRounds "5"]
[EventCountry "AUS"]

1. d4 d5 2. Bf4 c5 3. e3 Nc6 4. c3 Qb6 5. Qb3 Nf6 6. Nd2 cxd4 7. Qxb6 axb6 8.
exd4 Bf5 9. Ngf3 e6 10. Bb5 Nd7 11. O-O Be7 12. Bc7 O-O 13. a3 Rfc8 14. Bf4 Nf6
15. Ne5 Nxe5 16. Bxe5 Ng4 17. Bg3 Bg5 18. Nf3 Bh6 19. h3 Nf6 20. Ne5 Ne4 21.
Nd7 Nxg3 22. fxg3 Rc7 23. g4 Be3+ 24. Kh1 Be4 25. Rae1 Bd2 26. Re2 Bg5 27. Nxb6
Ra5 28. a4 Rxb5 29. axb5 Bd3 30. Ree1 Bxf1 31. Rxf1 f6 32. Re1 Kf7 33. Kg1 Re7
34. Nc8 Rd7 35. g3 Rd8 36. Nb6 Ke7 37. h4 Bd2 38. Ra1 Kd6 39. Kg2 e5 40. c4
exd4 41. Rd1 Be3 42. b4 dxc4 43. Nxc4+ Kd5 44. Nxe3+ Ke4 45. Nf5 g6 46. Ng7 Ke3
47. Ne6 d3 1-0

[Event "2022 Fred Maris Cup (Division B)"]
[Site "Woodvale, Perth WA AUS"]
[Date "2022.07.20"]
[Round "4"]
[White "Hintz, Steven"]
[Black "De Vas, Yonal"]
[Result "0-1"]
[WhiteElo "1572"]
[BlackElo "1523"]
[PlyCount "68"]
[EventDate "2022.06.15"]
[EventType "tourn"]
[EventRounds "5"]
[EventCountry "AUS"]

1. c4 e6 2. Nc3 d5 3. g3 Nf6 4. Bg2 c5 5. cxd5 exd5 6. d4 cxd4 7. Qxd4 Nc6 8.
Qd1 Bb4 9. Bd2 O-O 10. e3 Re8 11. Nge2 d4 12. exd4 Nxd4 13. O-O Nxe2+ 14. Nxe2
Qxd2 15. Qxd2 Bxd2 16. Nd4 h6 17. Nb5 Ba5 18. b3 Ne4 19. Rac1 Bd7 20. Bxe4 Bxb5
21. Bxb7 Rab8 22. Bc6 Bxf1 23. Bxe8 Rxe8 24. Kxf1 Bb6 25. f4 f6 26. f5 h5 27.
h3 Re3 28. Kg2 Re2+ 29. Kf3 Rxa2 30. g4 hxg4+ 31. Kxg4 Rb2 32. Rc3 Bd4 33. Rd3
Bb6 34. Kh5 Kh7 0-1

[Event "2022 Fred Maris Cup (Division B)"]
[Site "Woodvale, Perth WA AUS"]
[Date "2022.07.06"]
[Round "4"]
[White "Oswald, Franz"]
[Black "Davis, Geoff"]
[Result "1-0"]
[WhiteElo "1551"]
[BlackElo "1532"]
[PlyCount "137"]
[EventDate "2022.06.15"]
[EventType "tourn"]
[EventRounds "5"]
[EventCountry "AUS"]

1. d4 d5 2. c4 e6 3. Nc3 Nf6 4. Bg5 Be7 5. e3 O-O 6. Nf3 b6 7. cxd5 exd5 8. Bd3
c6 9. Qc2 g6 10. O-O Ng4 11. Bxe7 Qxe7 12. e4 Bb7 13. exd5 cxd5 14. Rfe1 Qd8
15. h3 Nh6 16. Qd2 Kg7 17. Re2 Nc6 18. a3 Ne7 19. Rae1 Nef5 20. Qf4 a6 21. g4
Nd6 22. Qe5+ f6 23. Qe7+ Rf7 24. Qxd8 Rxd8 25. Na4 Nc8 26. Re6 b5 27. Nc5 Nd6
28. Re7 Bc8 29. a4 Ng8 30. Rxf7+ Kxf7 31. axb5 axb5 32. Ra1 Ne7 33. Ra8 Nc6 34.
Ra1 Nb4 35. Ra7+ Kg8 36. Bf1 Nc4 37. b3 Nd6 38. Ra8 Nc6 39. Ra1 f5 40. g5 Re8
41. Rd1 f4 42. Bg2 Ne4 43. Nd2 Nc3 44. Ra1 Nxd4 45. Nd3 Rf8 46. Ra8 f3 47. Nxf3
Nxb3 48. Nfe5 Bf5 49. Ra3 Ne2+ 50. Kh1 Be4 51. Rxb3 Bxg2+ 52. Kxg2 Rb8 53. Rb4
Nc3 54. Nc6 Rb6 55. Nd4 Kf7 56. f4 Ke7 57. Ne5 Kd6 58. Nd3 Kd7 59. Kf3 Kd6 60.
Kg4 Ke7 61. f5 gxf5+ 62. Kxf5 Kf7 63. h4 h6 64. Ne5+ Kg7 65. Ne6+ Kh7 66. g6+
Kg8 67. Nd7 Rxe6 68. Kxe6 Kg7 69. h5 1-0

[Event "2022 Fred Maris Cup (Division C)"]
[Site "Woodvale, Perth WA AUS"]
[Date "2022.07.06"]
[Round "4"]
[White "Sowden, Miles"]
[Black "Brooke, John"]
[Result "1-0"]
[WhiteElo "1510"]
[BlackElo "1346"]
[PlyCount "93"]
[EventDate "2022.06.15"]
[EventType "tourn"]
[EventRounds "5"]
[EventCountry "AUS"]

1. e4 e5 2. Nf3 Nc6 3. Nc3 Bc5 4. Bc4 h6 5. a3 a6 6. b4 Ba7 7. Bb2 d6 8. h3
Nge7 9. Nd5 Ng6 10. c3 Be6 11. d4 Qc8 12. dxe5 Ncxe5 13. Nxe5 Nxe5 14. Be2 Qd7
15. Nf4 O-O-O 16. Nxe6 Qxe6 17. f4 Nc4 18. Bg4 Nxb2 19. Bxe6+ fxe6 20. Qc2 Nc4
21. Qb3 d5 22. e5 Be3 23. g3 Nd2 24. Qc2 Ne4 25. Ke2 Ba7 26. Kf3 Rhf8 27. Rae1
g5 28. Rxe4 dxe4+ 29. Kxe4 gxf4 30. gxf4 Rf7 31. Rf1 Rfd7 32. Qb3 Rd5 33. f5
exf5+ 34. Rxf5 Kb8 35. Qxd5 Rh8 36. Qf7 Bb6 37. e6 Rd8 38. e7 Rd2 39. e8=Q+ Ka7
40. Kf3 Rd3+ 41. Kg4 Rxc3 42. Rf3 Rc1 43. Kh5 Rd1 44. Qfg8 Bd4 45. a4 Rb1 46.
a5 Rxb4 47. Qb8# 1-0

[Event "2022 Fred Maris Cup (Division C)"]
[Site "Woodvale, Perth WA AUS"]
[Date "2022.07.06"]
[Round "4"]
[White "Leech, Martin"]
[Black "Hounsome, David"]
[Result "1-0"]
[WhiteElo "1476"]
[BlackElo "1334"]
[PlyCount "77"]
[EventDate "2022.06.15"]
[EventType "tourn"]
[EventRounds "5"]
[EventCountry "AUS"]

1. e4 b6 2. d4 Bb7 3. Bd3 e6 4. Nf3 Nf6 5. Nbd2 d5 6. Qe2 dxe4 7. Nxe4 Nxe4 8.
Bxe4 Bxe4 9. Qxe4 Nd7 10. O-O c5 11. d5 Nf6 12. Qa4+ Qd7 13. Qxd7+ Nxd7 14. Re1
O-O-O 15. dxe6 fxe6 16. Rxe6 h6 17. Bf4 Nf6 18. Rc6+ Kb7 19. Rc7+ Ka6 20. c4
Ne8 21. Rc6 Be7 22. Re6 Bf6 23. Rb1 Rf8 24. Be3 Rf7 25. Bxc5 Rc7 26. b4 Bc3 27.
Rc1 Bf6 28. Rce1 Rcd7 29. b5+ Kb7 30. Bb4 Nd6 31. c5 Nxb5 32. c6+ Kc7 33. cxd7
Rxd7 34. Rc1+ Kd8 35. a4 Nd4 36. Nxd4 Bxd4 37. a5 Bc5 38. Bxc5 bxc5 39. h3 1-0

[Event "2022 Fred Maris Cup (Division D)"]
[Site "Woodvale, Perth WA AUS"]
[Date "2022.07.06"]
[Round "4"]
[White "Gough, Sebastian"]
[Black "Watson, Jake"]
[Result "0-1"]
[WhiteElo "1050"]
[BlackElo "1085"]
[PlyCount "82"]
[EventDate "2022.06.15"]
[EventType "tourn"]
[EventRounds "5"]
[EventCountry "AUS"]

1. Nf3 Nf6 2. c4 c6 3. Nc3 d5 4. b3 Bf5 5. Bb2 e6 6. Ne5 Bd6 7. d4 Qa5 8. c5
Bxe5 9. dxe5 Ne4 10. Qc1 d4 11. f3 Nxc3 12. Bxc3 dxc3 13. e4 c2+ 14. Qd2 Qxc5
15. exf5 Qxe5+ 16. Be2 Qxa1+ 17. Kf2 Qxh1 18. Qxc2 O-O 19. Qd1 Qxd1 20. Bxd1
Rd8 21. fxe6 fxe6 22. Be2 Rd2 23. a4 Na6 24. Ke3 Rad8 25. Bc4 Ra2 26. b4 Rxa4
27. Bxe6+ Kh8 28. Bh3 Re8+ 29. Kf2 Rxb4 30. g3 Rb2+ 31. Kf1 Ree2 32. Kg1 Rxh2
33. Bf1 b5 34. Bd3 Nb4 35. Bf1 a5 36. g4 a4 37. f4 a3 38. f5 a2 39. g5 a1=Q 40.
f6 Qxf1+ 41. Kxf1 Rb1# 0-1

[Event "2022 Fred Maris Cup (Division D)"]
[Site "Woodvale, Perth WA AUS"]
[Date "2022.07.06"]
[Round "4"]
[White "Powell, Darren"]
[Black "Markou, Victor"]
[Result "1-0"]
[WhiteElo "1232"]
[BlackElo "1117"]
[PlyCount "45"]
[EventDate "2022.06.15"]
[EventType "tourn"]
[EventRounds "5"]
[EventCountry "AUS"]

1. e4 e5 2. d3 Nf6 3. Nc3 d6 4. h3 g6 5. Nf3 Bg7 6. Bg5 O-O 7. Qd2 Nc6 8. Nd5
Nd4 9. Nxd4 exd4 10. Qf4 c6 11. Nxf6+ Bxf6 12. Bxf6 Qa5+ 13. c3 dxc3 14. Bxc3
Qd8 15. Qh6 f6 16. Qf4 Qe7 17. O-O-O Qe6 18. b3 Qe7 19. g4 d5 20. Re1 dxe4 21.
Rxe4 Qa3+ 22. Kb1 Qd6 23. Qxd6 1-0

[Event "2022 Fred Maris Cup (Division E)"]
[Site "Woodvale, Perth WA AUS"]
[Date "2022.07.06"]
[Round "4"]
[White "Rennie, Mike"]
[Black "Frankland, David"]
[Result "0-1"]
[WhiteElo "880"]
[BlackElo "1073"]
[PlyCount "120"]
[EventDate "2022.06.15"]
[EventType "tourn"]
[EventRounds "5"]
[EventCountry "AUS"]

1. d4 e6 2. e3 Nf6 3. Nf3 b6 4. Nc3 Bb4 5. a3 Bxc3+ 6. bxc3 Ne4 7. Bd3 Nxc3 8.
Qd2 Nd5 9. O-O Bb7 10. c4 Nf6 11. d5 exd5 12. Ne5 d6 13. Nf3 dxc4 14. Bxc4 Bxf3
15. gxf3 d5 16. Bb5+ c6 17. Bd3 Nh5 18. e4 d4 19. Qg5 Qxg5+ 20. Bxg5 f6 21. Bd2
Nd7 22. Ba6 g5 23. Bb7 Rb8 24. Bxc6 Nf4 25. Rae1 Kd8 26. Kh1 Ne5 27. Bb4 Nxc6
28. Bd6 Rc8 29. Bxf4 gxf4 30. Rc1 Ke7 31. Rg1 Ne5 32. Rg7+ Ke6 33. Rd1 Nxf3 34.
Rxa7 Ke5 35. Re7+ Kd6 36. Rf7 Ke6 37. Rg7 Rc2 38. Rb1 Rc6 39. Kg2 Ne5 40. Rb5
h5 41. Rd5 f3+ 42. Kh3 Rh6 43. Kg3 Rg6+ 44. Rxg6 Nxg6 45. Rxh5 Rc3 46. Rb5 Rc6
47. Kxf3 Ne5+ 48. Kg2 d3 49. Rb2 Nc4 50. Ra2 d2 51. Ra1 Rd6 52. Rd1 Nb2 53. Kf1
Nxd1 54. Ke2 Nc3+ 55. Kf3 d1=Q+ 56. Kf4 Rd4 57. f3 Qd2+ 58. Kg4 Qg5+ 59. Kh3
Rd3 60. e5 Rxf3# 0-1

[Event "2022 Fred Maris Cup (Division E)"]
[Site "Woodvale, Perth WA AUS"]
[Date "2022.07.13"]
[Round "4"]
[White "Kwenda, Ridge"]
[Black "Overste, Brian"]
[Result "1-0"]
[WhiteElo "969"]
[BlackElo "898"]
[PlyCount "63"]
[EventDate "2022.06.15"]
[EventType "tourn"]
[EventRounds "5"]
[EventCountry "AUS"]

1. e4 e5 2. Nf3 Nc6 3. Bb5 Nge7 4. d3 a6 5. Ba4 b5 6. Bb3 Nd4 7. Bd5 Nxd5 8.
exd5 f6 9. c3 Nxf3+ 10. Qxf3 Bb7 11. c4 Bc5 12. Be3 Qe7 13. O-O bxc4 14. dxc4
e4 15. Qg4 g6 16. Qe2 Qe5 17. Bxc5 d6 18. Bb4 a5 19. Bc3 Qf5 20. Nd2 O-O 21.
Nxe4 Rfe8 22. f3 Kf8 23. Qd2 Ba6 24. b3 a4 25. Bxf6 Re5 26. Bxe5 Qxe5 27. Rae1
Qg7 28. Qb4 Qd4+ 29. Nf2 Re8 30. Rxe8+ Kxe8 31. Re1+ Kd7 32. Qxa4+ 1-0

[Event "2022 Fred Maris Cup (Division A)"]
[Site "Woodvale, Perth WA AUS"]
[Date "2022.07.13"]
[Round "5"]
[White "Saxon, Marc"]
[Black "Hernandez Mendez, Iker"]
[Result "1-0"]
[WhiteElo "2015"]
[BlackElo "1826"]
[PlyCount "127"]
[EventDate "2022.06.15"]
[EventType "swiss"]
[EventRounds "6"]
[EventCountry "AUS"]

1. d4 Nf6 2. c4 c5 3. d5 e6 4. Nc3 exd5 5. cxd5 d6 6. e4 g6 7. Bd3 Bg7 8. Nge2
O-O 9. O-O Re8 10. h3 a6 11. a4 Nbd7 12. Bg5 Qc7 13. f4 c4 14. Bc2 Qb6+ 15. Kh1
Qxb2 16. Qd2 Qb6 17. f5 Qc7 18. fxg6 hxg6 19. Rf4 Nh7 20. Rf2 Nxg5 21. Qxg5 Ne5
22. Raf1 Qe7 23. Qg3 Bd7 24. a5 Qd8 25. Nf4 Qxa5 26. Nd1 b5 27. Ne3 b4 28. Nf5
Bxf5 29. exf5 g5 30. Qxg5 Qd8 31. f6 Qxf6 32. Qg3 Qh6 33. Ne2 Kf8 34. Nd4 f6
35. Nf5 Qg6 36. Qh4 Qg5 37. Qxg5 fxg5 38. Nxd6+ Ke7 39. Nxe8 Rxe8 40. Be4 Kd6
41. Ra2 Ra8 42. Rf5 b3 43. Ra4 c3 44. Rb4 b2 45. Rxg5 Bf6 46. Rf5 Kc5 47. Rb7
Kd4 48. Bb1 Bh4 49. Rf4+ Ke3 50. Rxh4 Kd2 51. Re4 Kc1 52. Re1+ Kd2 53. Rxe5 a5
54. d6 Kc1 55. Re1+ Kd2 56. Rf1 Rd8 57. Ra7 c2 58. Rf2+ Kc1 59. Bxc2 b1=Q 60.
Bxb1 Kxb1 61. Re7 Rc8 62. Re1+ Rc1 63. Rxc1+ Kxc1 64. d7 1-0

[Event "2022 Fred Maris Cup (Division A)"]
[Site "Woodvale, Perth WA AUS"]
[Date "2022.07.13"]
[Round "5"]
[White "Clarke, Daniel"]
[Black "Plaganyi, Gyula"]
[Result "1-0"]
[WhiteElo "1784"]
[BlackElo "1903"]
[BlackTitle "CM"]
[PlyCount "45"]
[EventDate "2022.06.15"]
[EventType "swiss"]
[EventRounds "6"]
[EventCountry "AUS"]

1. e4 c5 2. Nf3 g6 3. d4 cxd4 4. Nxd4 Nc6 5. Nc3 Bg7 6. Be3 Nf6 7. Bc4 Qa5 8.
O-O O-O 9. h3 Nxe4 10. Nxe4 d5 11. Nb3 Qb4 12. Bxd5 Ne5 13. Bc5 Qb5 14. Bxe7
Re8 15. Nd6 Qd7 16. Nxe8 Qxe8 17. Bb4 Bf5 18. Nd4 Rd8 19. Nxf5 gxf5 20. c4 Nxc4
21. Re1 Ne5 22. Bc3 Qb5 23. Rxe5 1-0

[Event "2022 Fred Maris Cup (Division A)"]
[Site "Woodvale, Perth WA AUS"]
[Date "2022.07.13"]
[Round "5"]
[White "Gibson, Jacob"]
[Black "Roebuck, Derek"]
[Result "1/2-1/2"]
[WhiteElo "1864"]
[BlackElo "1822"]
[PlyCount "62"]
[EventDate "2022.06.15"]
[EventType "swiss"]
[EventRounds "6"]
[EventCountry "AUS"]

1. e4 e5 2. Nf3 Nc6 3. Bb5 f5 4. d3 fxe4 5. dxe4 Nf6 6. Nc3 Bb4 7. O-O Bxc3 8.
Bxc6 bxc6 9. bxc3 d6 10. Re1 O-O 11. Qd3 Qe8 12. Rb1 a5 13. Qc4+ Be6 14. Qa4 h6
15. Rb7 Nd7 16. Qxc6 Rxf3 17. Rxc7 Rf8 18. Qxd6 Rd8 19. Ba3 Rf6 20. Rd1 Bxa2
21. Qd3 Be6 22. c4 Rc8 23. Bd6 Rxc7 24. Bxc7 Nc5 25. Qe3 Qc6 26. Bxe5 Rf7 27.
Rd6 Qc8 28. h3 Rd7 29. Rb6 Rb7 30. Rd6 Rd7 31. Rb6 Rb7 1/2-1/2

[Event "2022 Fred Maris Cup (Division A)"]
[Site "Woodvale, Perth WA AUS"]
[Date "2022.07.13"]
[Round "5"]
[White "Gough, Dylan"]
[Black "Maris, Rob"]
[Result "0-1"]
[WhiteElo "1710"]
[BlackElo "2072"]
[PlyCount "58"]
[EventDate "2022.06.15"]
[EventType "swiss"]
[EventRounds "6"]
[EventCountry "AUS"]

1. d4 Nf6 2. Nf3 e6 3. c4 b6 4. e3 Bb7 5. Be2 d5 6. cxd5 exd5 7. O-O Bd6 8. Bd2
c5 9. Bb5+ Nbd7 10. Bc3 O-O 11. Bxd7 Nxd7 12. b3 Re8 13. Re1 Rc8 14. Bb2 Qf6
15. Na3 Bb8 16. Rb1 Qh6 17. h3 a6 18. Nc2 g5 19. Kf1 f5 20. Bc1 Qg6 21. Qd3 c4
22. Qd2 g4 23. hxg4 fxg4 24. Ng1 cxb3 25. Nb4 Qxb1 26. e4 Rxe4 27. Ne2 Bf4 28.
Qb2 Qxb2 29. Bxb2 Bd2 0-1

[Event "2022 Fred Maris Cup (Division A)"]
[Site "Woodvale, Perth WA AUS"]
[Date "2022.07.13"]
[Round "5"]
[White "Doshi, Chirag"]
[Black "List, Ross"]
[Result "1-0"]
[WhiteElo "1825"]
[BlackElo "1755"]
[PlyCount "53"]
[EventDate "2022.06.15"]
[EventType "swiss"]
[EventRounds "6"]
[EventCountry "AUS"]

1. e4 e6 2. d4 d5 3. Nc3 Nf6 4. Bg5 dxe4 5. Bxf6 Qxf6 6. Nxe4 Qd8 7. Nf3 Be7 8.
Bd3 Nd7 9. O-O b6 10. c3 Bb7 11. Qe2 O-O 12. Bc2 Nf6 13. Rfe1 Nxe4 14. Bxe4
Bxe4 15. Qxe4 Bf6 16. Qg4 Qd5 17. Ne5 c5 18. Rad1 Bxe5 19. Rxe5 Qxa2 20. Rh5 g6
21. Rh4 f5 22. Qe2 cxd4 23. c4 Qa5 24. Qxe6+ Kg7 25. Rdxd4 Rae8 26. Rd7+ Kh8
27. Rhxh7# 1-0

[Event "2022 Fred Maris Cup (Division A)"]
[Site "Woodvale, Perth WA AUS"]
[Date "2022.07.13"]
[Round "5"]
[White "Barry, David"]
[Black "Garang, Kuol Awan"]
[Result "1-0"]
[WhiteElo "1834"]
[BlackElo "1645"]
[PlyCount "113"]
[EventDate "2022.06.15"]
[EventType "swiss"]
[EventRounds "6"]
[EventCountry "AUS"]

1. e4 e5 2. Nf3 Nc6 3. Bb5 Bc5 4. c3 Nge7 5. O-O O-O 6. d4 exd4 7. cxd4 Bb4 8.
d5 Nb8 9. Bg5 d6 10. Nc3 f6 11. Be3 c6 12. dxc6 bxc6 13. Qb3+ Kh8 14. Qxb4 a5
15. Qb3 cxb5 16. Nxb5 Bg4 17. Nbd4 Nbc6 18. h3 Rb8 19. Qc3 Nxd4 20. Nxd4 Bd7
21. Bf4 Rc8 22. Qf3 Qb6 23. Rfd1 Rc4 24. Nb3 Nc8 25. Nd2 Rc2 26. b3 a4 27. Nc4
Qb4 28. Nxd6 axb3 29. Qxb3 Qxb3 30. axb3 Be6 31. b4 Rb2 32. Rab1 Ra2 33. Nxc8
Bxc8 34. b5 g5 35. Bc7 Bb7 36. f3 Rf7 37. b6 Rc2 38. Rd8+ Kg7 39. Rbd1 Kh6 40.
R1d7 Rxd7 41. Rxd7 Rb2 42. Bd8 Ba8 43. Rd6 Kh5 44. Rxf6 Kh4 45. Kh2 Kh5 46. Rf5
h6 47. Rf6 Rd2 48. Be7 Rc2 49. Bf8 Rc6 50. Rxc6 Bxc6 51. g4+ Kh4 52. e5 h5 53.
e6 hxg4 54. fxg4 Bg2 55. e7 Bxh3 56. e8=Q Bxg4 57. Qe4 1-0

[Event "2022 Fred Maris Cup (Division A)"]
[Site "Woodvale, Perth WA AUS"]
[Date "2022.07.13"]
[Round "5"]
[White "Janceski, Alex"]
[Black "Phillip, Stephen"]
[Result "1/2-1/2"]
[WhiteElo "1930"]
[BlackElo "1840"]
[PlyCount "88"]
[EventDate "2022.06.15"]
[EventType "swiss"]
[EventRounds "6"]
[EventCountry "AUS"]

1. d4 Nf6 2. c4 g6 3. Nc3 d5 4. e3 Bg7 5. h3 O-O 6. Nf3 c5 7. Be2 cxd4 8. Nxd4
dxc4 9. Bxc4 a6 10. a4 e5 11. Nf3 Qxd1+ 12. Nxd1 Nc6 13. O-O Bf5 14. Nc3 Rad8
15. Nd2 e4 16. g4 Bc8 17. Ndxe4 Nxe4 18. Nxe4 Ne5 19. Ba2 Kh8 20. Ng3 b5 21.
axb5 axb5 22. e4 Nd3 23. Rb1 Nxc1 24. Rfxc1 Rd2 25. Bd5 Bd4 26. Nh1 f5 27. gxf5
gxf5 28. Rd1 Rxd1+ 29. Rxd1 Bxb2 30. Rb1 Bd4 31. Rxb5 fxe4 32. Bxe4 Bxh3 33.
Rh5 Be6 34. Rxh7+ Kg8 35. Kg2 Rf4 36. Bd3 Bd5+ 37. Kh2 Be5 38. Kg1 Rd4 39. Rh3
Rg4+ 40. Ng3 Be6 41. Be2 Rg6 42. Rh5 Bxg3 43. fxg3 Rxg3+ 44. Kf2 Rg6 1/2-1/2

[Event "2022 Fred Maris Cup (Division A)"]
[Site "Woodvale, Perth WA AUS"]
[Date "2022.07.13"]
[Round "5"]
[White "Stortz, Robert"]
[Black "Bhatia, Abhay"]
[Result "1-0"]
[WhiteElo "1871"]
[BlackElo "1668"]
[PlyCount "53"]
[EventDate "2022.06.15"]
[EventType "swiss"]
[EventRounds "6"]
[EventCountry "AUS"]

1. d4 d5 2. Bf4 e6 3. e3 Be7 4. Nf3 Bd7 5. Bd3 Nc6 6. c3 Nf6 7. h3 h6 8. Nbd2
a6 9. Ne5 b5 10. g4 g5 11. Bg3 b4 12. h4 Nh7 13. hxg5 bxc3 14. bxc3 Nxg5 15. f4
Nxe5 16. dxe5 Ne4 17. Nxe4 dxe4 18. Bxe4 Rb8 19. g5 h5 20. Rxh5 Rg8 21. Rh7
Bxg5 22. Qh5 Qe7 23. fxg5 Kd8 24. Qxf7 Qxf7 25. Rxf7 Ke8 26. g6 Kd8 27. O-O-O
1-0

[Event "2022 Fred Maris Cup (Division A)"]
[Site "Woodvale, Perth WA AUS"]
[Date "2022.07.20"]
[Round "6"]
[White "Saxon, Marc"]
[Black "Gibson, Jacob"]
[Result "0-1"]
[WhiteElo "2015"]
[BlackElo "1864"]
[PlyCount "40"]
[EventDate "2022.06.15"]
[EventType "swiss"]
[EventRounds "6"]
[EventCountry "AUS"]

1. e4 c5 2. Nf3 d6 3. d4 cxd4 4. Nxd4 Nf6 5. Nc3 a6 6. Be3 e5 7. Nb3 Be6 8. f3
h5 9. Qd2 Nbd7 10. Be2 Rc8 11. f4 b5 12. f5 Bc4 13. Bf3 Ng4 14. Bg5 f6 15. Bh4
Qb6 16. h3 g5 17. fxg6 Bh6 18. hxg4 Bxd2+ 19. Kxd2 hxg4 20. Bxg4 Rxh4 0-1

[Event "2022 Fred Maris Cup (Division A)"]
[Site "Woodvale, Perth WA AUS"]
[Date "2022.07.20"]
[Round "6"]
[White "Hernandez Mendez, Iker"]
[Black "Clarke, Daniel"]
[Result "1-0"]
[WhiteElo "1826"]
[BlackElo "1784"]
[PlyCount "113"]
[EventDate "2022.06.15"]
[EventType "swiss"]
[EventRounds "6"]
[EventCountry "AUS"]

1. e4 e5 2. Nf3 Nc6 3. Bb5 a6 4. Bxc6 dxc6 5. O-O Bg4 6. h3 h5 7. d3 Qf6 8. Be3
Bxf3 9. Qxf3 Qxf3 10. gxf3 Bd6 11. d4 Ne7 12. Nc3 g5 13. Rad1 O-O-O 14. Ne2
Rdg8 15. dxe5 Bxe5 16. Bd4 Ng6 17. Bxe5 Nxe5 18. Kg2 Rg6 19. Ng3 Rd6 20. Nf5
Rxd1 21. Rxd1 Ng6 22. Kg3 h4+ 23. Kh2 Rd8 24. Rxd8+ Kxd8 25. Nd4 Nf4 26. Nb3 b6
27. Nc1 Ke7 28. Nd3 Nxd3 29. cxd3 c5 30. Kg2 Ke6 31. f4 gxf4 32. Kf3 Ke5 33.
Kg4 c4 34. dxc4 Kxe4 35. Kxh4 Kf5 36. f3 a5 37. Kh5 a4 38. h4 c6 39. Kh6 Kf6
40. Kh7 Ke5 41. h5 Kd4 42. h6 Ke3 43. Kg7 Kxf3 44. h7 Kg2 45. h8=Q f3 46. Kxf7
f2 47. Qg7+ Kh1 48. Qf6 Kg1 49. Ke6 b5 50. c5 a3 51. bxa3 b4 52. axb4 Kh1 53.
b5 Kg1 54. b6 Kh1 55. b7 f1=Q 56. Qxf1+ Kh2 57. b8=Q# 1-0